[Event "Mittelrhein Verbandsliga-W 16/17"]
[Site "Nordrheinwestfalen"]
[Date "2017.01.29"]
[Round "7.5"]
[White "Bozidarevic, Slobodan"]
[Black "Vaerst, Joachim"]
[Result "0-1"]
[WhiteElo "1909"]
[BlackElo "1967"]
[PlyCount "116"]
[EventDate "2016.09.11"]
[EventType "team-tourn"]
[EventRounds "11"]
[EventCountry "GER"]
[SourceTitle "EXT 2022"]
[Source "ChessBase"]
[SourceDate "2021.10.06"]
[SourceVersion "1"]
[SourceVersionDate "2021.10.06"]
[SourceQuality "1"]
[WhiteTeam "Eschweiler SC"]
[BlackTeam "Erftstadt SV"]
[WhiteTeamCountry "GER"]
[BlackTeamCountry "GER"]

1. Nf3 d5 2. e3 Nf6 3. Be2 Nbd7 4. 0-0 e5 5. d3 Bd6 6. Nc3 c6 7. a3 0-0 8. Re1 Qc7 9. e4 a6 10. Bg5 b5 11. Bf1 Bb7 12. Bh4 Rfe8 13. Qd2 Rad8 14. h3 dxe4 15. Nxe4 Nxe4 16. Rxe4 f6 17. Rg4 h5 18. Re4 Nc5 19. Ree1 e4 20. b4 Na4 21. Qe2 exf3 22. Qxf3 Qf7 23. d4 c5 24. Qb3 cxd4 25. Bg3 Qxb3 26. cxb3 Bxg3 27. bxa4 Be5 28. axb5 d3 29. Rad1 axb5 30. Bxd3 Bc6 31. Bg6 Rxd1 32. Rxd1 Ra8 33. Bxh5 Be8 34. Bxe8 Rxe8 35. Rd5 Ra8 36. g3 Rxa3 37. Rxb5 Rb3 38. Rb7 Bd4 39. Kg2 Rb2 40. g4 Rxf2+ 41. Kg3 Rb2 42. b5 Rb3+ 43. Kg2 Kh7 44. h4 Be5 45. g5 fxg5 46. hxg5 Kg6 47. Kf2 Kxg5 48. Ke2 Kg4 49. b6 g5 50. Re7 Bf4 51. b7 Rb2+ 52. Kd3 Kf3 53. Kc3 Rb1 54. Kc2 Rb6 55. Kc3 g4 56. Kc4 g3 57. Rg7 g2 58. Kc5 Be3+ 0-1